00913nam a22002177a 4500003000900000005001700009008004100026020001800067040002500085082003000110100002900140245005100169250001200220260003600232300002100268500006100289500020200350586009200552650002400644650002700668DO-SdBNP20240412074310.0100915s20072017dr 000 j spa d a9789945100129 aDO-SdBNPbspacBNPHU 4aRD863.44bS787p, 20172221 aStanley, Avelino,d1959-13aLa piel acosada :bcuentos /cAvelino Stanley. a3a. ed. aSanto Domingo :bCocolo,c2017. a107 p. ;c23 cm. aIncluye datos biográficos del autor en contracubierta. aEl cuento "La piel acosada", que da título a este libro, obtuvo, en el año 2005, el primer lugar en el premio internacional "Ciudad de Viareggio" en Italia, organizada por la Editorial Il Molo. aPremio Internacional Ciudad de Viareggio en Italia, organizado por la Editorial Il Molo 0aCuentos dominicanos 0aLiteratura dominicana.